000
00251nam a2200097Ia 4500
008
240331s9999 xx 000 0 und d
082
_b
SCH
100
_a
Schrlivers, J
245
4
_a
The violence of "development" :
_b
a choice for intellectuals
942
_c
L
999
_c
1388
_d
1388